000 00682cam a22002533a 4500
001 24762
003 PGUSA
005 20140828083531.0
008 080306s2008||||xxu|||||s|||||000 | eng d
040 _aPGUSA
_beng
042 _adc
050 4 _aTN
050 4 _aPE
100 1 _aTappan, Eva March,
_d1854-1930
245 1 0 _aDiggers in the Earth
_h[electronic resource] /
_cEva March Tappan
260 _bProject Gutenberg,
_c2008
506 _aPublic domain in the USA.
516 _aElectronic text
653 _aMines and mineral resources
653 _aReaders
830 0 _aProject Gutenberg
_v24762
856 4 0 _uhttp://www.gutenberg.org/ebooks/24762
942 _cEB
999 _c254017
_d254017